U.S. State Capitals Quiz - Statistics

General Stats
  • This quiz has been taken 47 times
  • The average score is 12 of 15
Answer Stats
Hint Answer % Correct
California Sacremento
94%
North Dakota Bismarck
88%
Hawaii Honolulu
88%
Alaska Juneau
88%
Rhode Island Providence
88%
Illinois Springfield
88%
Tennessee Nashville
85%
Idaho Boise
82%
Nevada Carson City
82%
Nebraska Lincoln
82%
Maryland Annapolis
79%
Kentucky Frankfort
79%
Michigan Lansing
76%
South Carolina Columbia
73%
South Dakota Pierre
73%
No matching quizzes found
Score Distribution
Percent of People with Each Score
Percentile by Number Answered
Your Score History
You have not taken this quiz